000
00296nam a2200109Ia 4500
008
171204s9999 xx 000 0 und d
245
_a
cloud Data Management:
245
_c
Liang Zhao
260
_c
2014
650
_x
Database Management
856
_u
http://down.ebook777.com/059/9783319047645.pdf
999
_c
345892
_d
345892